000 00821nam a2200253 a 4500
001 BRCA_8128
005 20190320210138.0
008 100414s1964----gw-a###f##---#001-0#ger-#
041 _ager
044 _agw
050 4 _aNK7215
_b.P453
_c1964
100 1 _aPerpeet-Frech, Lotte
_920236
245 1 0 _aDie gotischen monstranzen im Rheinland
_cLotte Perpeet-Frech ; herausgegeben von Herbert von Einem und Heinrich Lützeler.
260 _aDüsseldorf
_bRheinland
_c1964
300 _a232 p.
_bil., 285 láminas
_c25 cm.
440 0 _aBonner beiträge zur kunst wissenschaft
_n7
_920237
500 _aY206
650 1 4 _aArte gótico
_zAlemania
_920238
651 4 _aRenania
_zAlemania
_920239
700 1 _aEinem, Herbert von
_eed.
_920240
700 1 _aLützeler, Heinrich
_eed.
_920241
902 _aGFM
942 _2lcc
_cB
999 _c7796
_d7796